000 00764nam a2200241 4500
003 OSt
005 20240708060719.0
006 a
008 240708b |||||||| |||| 00| 0 eng d
020 _a0071198482
040 _aDWCL-Main lib.
_cOC
082 _2Second edition
_aCirc. 621.3821 L579c 2004
100 _aLeon-Garcia, Alberto
245 _aCommunication networks : fundamental concepts and key architectures /
250 _aSecond edition
260 _aBoston :
_bMcGraw-Hill,
_cc2004.
300 _axxvii,
_b900 p. : ill. ;
_c23 cm.
504 _aIncludes index.
650 _a1. Telecommunication system.
650 _a2. Computer network architectures.
650 _a3. Computer networks.
942 _2ddc
_n0
_cBK-CIRC
_eSecond edition
_kCirc.
999 _c2098
_d2098